好好爱自己 (Record no. 67884)
[ view plain ]
| 000 -LEADER | |
|---|---|
| fixed length control field | 00510nam a22002057a 4500 |
| 003 - CONTROL NUMBER IDENTIFIER | |
| control field | MPLRDC |
| 005 - DATE AND TIME OF LATEST TRANSACTION | |
| control field | 20220104202933.0 |
| 008 - FIXED-LENGTH DATA ELEMENTS--GENERAL INFORMATION | |
| fixed length control field | 210129b ||||| |||| 00| 0 eng d |
| 020 ## - INTERNATIONAL STANDARD BOOK NUMBER | |
| International Standard Book Number | 978-988-18764-6-1 |
| 082 ## - DEWEY DECIMAL CLASSIFICATION NUMBER | |
| Classification number | 544.7 SH-4 |
| 100 ## - MAIN ENTRY--PERSONAL NAME | |
| Personal name | 素黑 |
| 245 ## - TITLE STATEMENT | |
| Title | 好好爱自己 |
| Statement of responsibility, etc. | |
| 250 ## - EDITION STATEMENT | |
| Edition statement | 三刷 |
| 260 ## - PUBLICATION, DISTRIBUTION, ETC. | |
| Place of publication, distribution, etc. | 香港 |
| Name of publisher, distributor, etc. | 知出版社 |
| Date of publication, distribution, etc. | 2010 |
| 300 ## - PHYSICAL DESCRIPTION | |
| Other physical details | 平 |
| 490 ## - SERIES STATEMENT | |
| Series statement | 素黑作品: 05 |
| 520 ## - SUMMARY, ETC. | |
| Summary, etc. | 新书上架 2018-05-16。 |
| 650 ## - SUBJECT ADDED ENTRY--TOPICAL TERM | |
| Topical term or geographic name entry element | 性关系;两性关系 |
| 942 ## - ADDED ENTRY ELEMENTS (KOHA) | |
| Koha item type | Book |
| -- | 544.7 SH-4 |
| Withdrawn status | Lost status | Source of classification or shelving scheme | Damaged status | Not for loan | Collection code | Home library | Current library | Shelving location | Date acquired | Cost, normal purchase price | Total Checkouts | Full call number | Barcode | Date last seen | Date last checked out | Price effective from | Koha item type | Public note |
|---|---|---|---|---|---|---|---|---|---|---|---|---|---|---|---|---|---|---|
| Malaysian Public Library, Research and Development Centre | Malaysian Public Library, Research and Development Centre | 27/02/2018 | 31.00 | 544.7 SH-4 | 00061458 | 05/08/2025 | 30/11/2018 | 18/03/2021 | Book | mplrdc |
